000
00241nam a2200109Ia 4500
008
190216s9999||||xx |||||||||||||| ||und||
100
_a
Balamani Amma
245
0
_a
Kalikotta
260
_b
Vanneri Book Depo
650
_a
Kavitha
942
_c
BK
999
_c
24170
_d
24170